| 000 | 00696nam a2200229Ia 4500 | ||
|---|---|---|---|
| 001 | 16848 | ||
| 003 | GE_BSU | ||
| 008 | 181216s||||||||xx |||||||||||||| ||und|| | ||
| 040 | _cGE_BSU | ||
| 080 | _a821.353.1-7 | ||
| 100 | _aგოგიაშვილი, მ. | ||
| 245 | _aგუშინ და დღეს | ||
| 245 | _bსატირა და იუმორი | ||
| 245 | _cრედ. ვ.ჭელიძე | ||
| 260 | _aთბილისი | ||
| 260 | _bხელოვნება | ||
| 260 | _c1958 | ||
| 300 | _a204გვ. : ილ. ; 21სმ. | ||
| 653 | _aგუშინ და დღეს | ||
| 653 | _aსატირა და იუმორი | ||
| 942 | _cBK | ||
| 999 |
_c49912 _d49912 |
||